Jonah and co. / (Record no. 185916)
[ view plain ]
| 000 -LEADER | |
|---|---|
| fixed length control field | 01125 a2200193 4500 |
| 003 - CONTROL NUMBER IDENTIFIER | |
| control field | Nust |
| 005 - DATE AND TIME OF LATEST TRANSACTION | |
| control field | 20230126191838.0 |
| 010 ## - LIBRARY OF CONGRESS CONTROL NUMBER | |
| LC control number | 27006436 |
| 040 ## - CATALOGING SOURCE | |
| Transcribing agency | Nust |
| 082 ## - DEWEY DECIMAL CLASSIFICATION NUMBER | |
| Classification number | 823,YAT |
| 100 ## - MAIN ENTRY--PERSONAL NAME | |
| Personal name | Yates, Dornford, |
| 9 (RLIN) | 107835 |
| 245 ## - TITLE STATEMENT | |
| Title | Jonah and co. / |
| Statement of responsibility, etc. | Dornford Yates, |
| 260 ## - PUBLICATION, DISTRIBUTION, ETC. | |
| Place of publication, distribution, etc. | Minton, Balch & company |
| Name of publisher, distributor, etc. | New York |
| Date of publication, distribution, etc. | 1927 |
| 300 ## - PHYSICAL DESCRIPTION | |
| Extent | x, 292 p |
| Other physical details | 19 cm |
| 505 ## - FORMATTED CONTENTS NOTE | |
| Formatted contents note | How Berry Steeped into the Breach and Jonah Came first and was first served (Page-9), How three Wagers were Made and Adele killed two Birds on Stone (Page-30), How a Golden Calf was Set up and Nobby showed Himself a True Prophet (Page-51), How Berry Made an Engagement Jill a Pic Ture (Page-73), How long came to Jill (Page-95), How Berry Ran Contraband Goods (Page-118), How Daphne Lost her Bedfellow (Page-147), How Adele Bought a Bottle of Perfums Which had no Smell (Page-168), How Jonah Took Off his Coat (Page-190), How Berry Sought Comfort in vain (Page-215), How Berry Put off his Manhood (Page-240), How a Telegram Came for jill (Page-263). |
| 600 ## - SUBJECT ADDED ENTRY--PERSONAL NAME | |
| Personal name | Yates, Dornford, |
| 9 (RLIN) | 107835 |
| 650 ## - SUBJECT ADDED ENTRY--TOPICAL TERM | |
| Topical term or geographic name entry element | Jonah and co., |
| 9 (RLIN) | 107836 |
| 942 ## - ADDED ENTRY ELEMENTS (KOHA) | |
| Source of classification or shelving scheme | |
| Koha item type | Book |
| Withdrawn status | Lost status | Source of classification or shelving scheme | Damaged status | Not for loan | Permanent Location | Current Location | Shelving location | Date acquired | Full call number | Barcode | Date last seen | Price effective from | Koha item type | Public note |
|---|---|---|---|---|---|---|---|---|---|---|---|---|---|---|
| Military College of Signals (MCS) | Military College of Signals (MCS) | General Stacks | 12/12/2016 | 823,YAT | MCS30149 | 12/08/2016 | 12/12/2016 | Book | Almirah No.58, Shelf No.1 |
